[Event "EYCC 2024 - O08"]
[Site "?"]
[Date "2024.08.25"]
[Round "4.11"]
[White "Petrenko, Tymofii"]
[Black "Donets, Tymur"]
[Result "1-0"]
[BlackElo "1559"]
[WhiteElo "1696"]
[LiveChessVersion "1.4.8"]

1. e4 {[%clk 1:30:57]} e5 {[%clk 1:30:51]} 2. Nf3 {[%clk 1:31:20]} Nc6
{[%clk 1:31:12]} 3. Bc4 {[%clk 1:31:38]} Nf6 {[%clk 1:31:25]} 4. d3
{[%clk 1:31:22]} Be7 {[%clk 1:31:43]} 5. O-O {[%clk 1:31:37]} O-O
{[%clk 1:32:02]} 6. Re1 {[%clk 1:31:50]} d6 {[%clk 1:31:59]} 7. c3
{[%clk 1:31:46]} Na5 {[%clk 1:27:06]} 8. Bb5 {[%clk 1:26:35]} c6 {[%clk 1:25:36]}
9. Ba4 {[%clk 1:25:45]} b5 {[%clk 1:21:50]} 10. Bc2 {[%clk 1:24:47]} Bd7
{[%clk 1:07:26]} 11. Nbd2 {[%clk 1:18:49]} Qc7 {[%clk 0:55:16]} 12. Nf1
{[%clk 1:13:09]} Nb7 {[%clk 0:42:42]} 13. Bg5 {[%clk 1:05:38]} Be6
{[%clk 0:30:40]} 14. Bh4 {[%clk 0:59:52]} h6 {[%clk 0:19:21]} 15. d4
{[%clk 0:58:04]} Rad8 {[%clk 0:16:13]} 16. Bg3 {[%clk 0:57:13]} Rfe8
{[%clk 0:12:26]} 17. Qc1 {[%clk 0:55:39]} Nd7 {[%clk 0:11:47]} 18. Ne3
{[%clk 0:55:11]} c5 {[%clk 0:10:06]} 19. d5 {[%clk 0:55:33]} a5 {[%clk 0:08:19]}
20. dxe6 {[%clk 0:55:50]} fxe6 {[%clk 0:08:35]} 21. a4 {[%clk 0:56:12]} b4
{[%clk 0:08:52]} 22. Bb3 {[%clk 0:56:22]} Bf6 {[%clk 0:08:52]} 23. Bh4
{[%clk 0:56:16]} Bxh4 {[%clk 0:09:05]} 24. Nxh4 {[%clk 0:56:36]} Qc6
{[%clk 0:08:42]} 25. c4 {[%clk 0:55:49]} Qxe4 {[%clk 0:07:56]} 26. g3
{[%clk 0:55:17]} g5 {[%clk 0:07:30]} 27. Bc2 {[%clk 0:55:17]} Qc6
{[%clk 0:07:32]} 28. Nhg2 {[%clk 0:55:12]} Rf8 {[%clk 0:07:30]} 29. Qd2
{[%clk 0:54:32]} Nf6 {[%clk 0:07:38]} 30. Qe2 {[%clk 0:53:47]} Rfe8
{[%clk 0:07:23]} 31. Ng4 {[%clk 0:53:53]} Rf8 {[%clk 0:07:10]} 32. Nxh6+
{[%clk 0:53:59]} Kg7 {[%clk 0:07:27]} 33. Ng4 {[%clk 0:54:17]} Nxg4
{[%clk 0:07:33]} 34. Qxg4 {[%clk 0:54:37]} Rf6 {[%clk 0:07:23]} 35. Qxg5+
{[%clk 0:54:52]} Kf7 {[%clk 0:07:31]} 36. Qh5+ {[%clk 0:54:48]} Ke7
{[%clk 0:07:30]} 37. Be4 {[%clk 0:54:37]} Qc8 {[%clk 0:07:39]} 38. Rad1
{[%clk 0:54:27]} Rdf8 {[%clk 0:07:32]} 39. Rd2 {[%clk 0:53:59]} Rh8
{[%clk 0:07:24]} 40. Qd1 {[%clk 0:54:13]} Rfh6 {[%clk 0:07:08]} 41. h4
{[%clk 0:54:31]} Rd8 {[%clk 0:07:26]} 42. Qf3 {[%clk 0:54:16]} Rf6
{[%clk 0:07:15]} 43. Bxb7 {[%clk 0:53:41]} Qb8 {[%clk 0:07:31]} 44. Qc6
{[%clk 0:53:53]} Rd7 {[%clk 0:07:29]} 45. Bc8 {[%clk 0:53:13]} Rd8
{[%clk 0:07:05]} 46. Ba6 {[%clk 0:53:11]} Qa7 {[%clk 0:07:00]} 47. f4
{[%clk 0:53:14]} exf4 {[%clk 0:07:13]} 48. Nxf4 {[%clk 0:53:38]} Rb8
{[%clk 0:07:04]} 49. Nd5+ {[%clk 0:53:50]} Kf7 {[%clk 0:07:13]} 50. Nxf6
{[%clk 0:54:06]} Kxf6 {[%clk 0:07:32]} 51. Rxd6 {[%clk 0:54:19]} Qg7
{[%clk 0:07:33]} 52. Rexe6+ {[%clk 0:54:35]} Kf7 {[%clk 0:07:41]} 53. Rd7+
{[%clk 0:54:59]} Kf8 {[%clk 0:07:51]} 54. Qd6+ {[%clk 0:55:20]} Kg8
{[%clk 0:08:07]} 55. Qxb8+ {[%clk 0:55:41]} Kh7 {[%clk 0:08:09]} 56. Rxg7+
{[%clk 0:56:03]} Kxg7 {[%clk 0:08:21]} 57. Qe8 {[%clk 0:56:28]} b3
{[%clk 0:08:35]} 58. Rg6+ {[%clk 0:56:51]} Kh7 {[%clk 0:08:46]} 59. Qf7+
{[%clk 0:57:17]} Kh8 {[%clk 0:08:59]} 60. Rh6# {[%clk 0:57:43]} 1-0

[Event "EYCC 2024 - O08"]
[Site "?"]
[Date "2024.08.25"]
[Round "4.12"]
[White "Puzas, Kasparas"]
[Black "Saxena, Advik"]
[Result "1/2-1/2"]
[BlackElo "1678"]
[WhiteElo "1558"]
[LiveChessVersion "1.4.8"]

1. e4 {[%clk 1:30:57]} c5 {[%clk 1:28:28]} 2. Nc3 {[%clk 1:31:18]} e6
{[%clk 1:28:43]} 3. g3 {[%clk 1:28:36]} d5 {[%clk 1:28:45]} 4. exd5
{[%clk 1:28:31]} exd5 {[%clk 1:29:09]} 5. d4 {[%clk 1:28:49]} Nf6
{[%clk 1:27:45]} 6. Bg5 {[%clk 1:26:38]} Be6 {[%clk 1:24:28]} 7. Nge2
{[%clk 1:23:02]} Nc6 {[%clk 1:24:12]} 8. Bg2 {[%clk 1:17:14]} cxd4
{[%clk 1:08:58]} 9. Nxd4 {[%clk 1:16:41]} Bc5 {[%clk 1:09:02]} 10. Nb3
{[%clk 1:07:54]} Bb6 {[%clk 1:05:46]} 11. O-O {[%clk 1:08:00]} d4
{[%clk 1:05:06]} 12. Ne4 {[%clk 1:07:25]} Bxb3 {[%clk 1:04:44]} 13. axb3
{[%clk 1:07:31]} Ne5 {[%clk 0:58:20]} 14. Re1 {[%clk 1:07:36]} O-O
{[%clk 0:50:57]} 15. Nxf6+ {[%clk 0:55:48]} gxf6 {[%clk 0:50:37]} 16. Bh6
{[%clk 0:54:10]} Re8 {[%clk 0:50:43]} 17. Rxe5 {[%clk 0:54:00]} Rxe5
{[%clk 0:49:54]} 18. Qg4+ {[%clk 0:53:42]} Rg5 {[%clk 0:49:31]} 19. Bxg5
{[%clk 0:53:57]} fxg5 {[%clk 0:49:55]} 20. Be4 {[%clk 0:54:26]} Qf6
{[%clk 0:48:54]} 21. Bxb7 {[%clk 0:54:32]} Re8 {[%clk 0:48:33]} 22. Be4
{[%clk 0:53:13]} d3 {[%clk 0:46:37]} 23. cxd3 {[%clk 0:43:45]} Qxf2+
{[%clk 0:45:28]} 24. Kh1 {[%clk 0:44:07]} Qf6 {[%clk 0:45:01]} 25. Qh5
{[%clk 0:41:41]} h6 {[%clk 0:44:43]} 26. Qe2 {[%clk 0:41:21]} Bd4
{[%clk 0:44:13]} 27. Rf1 {[%clk 0:40:31]} Qe5 {[%clk 0:40:34]} 28. Qh5
{[%clk 0:37:55]} Qe6 {[%clk 0:36:31]} 29. Qf3 {[%clk 0:31:38]} Rf8
{[%clk 0:32:53]} 30. Bd5 {[%clk 0:28:11]} Qg6 {[%clk 0:32:08]} 31. Be4
{[%clk 0:28:26]} Qe6 {[%clk 0:31:44]} 32. Bd5 {[%clk 0:27:02]} Qg6
{[%clk 0:30:37]} 1/2-1/2